banner koha

A entidade / (Registro n. 9955)

MARC details
000 -LÍDER
Campo de controle fixo 00681nam a2200265 4500
001 - NÚMERO DE CONTROLE
Número de controle BS2023000201
003 - CÓDIGO MARC DA AGÊNCIA CATALOGADORA
Campo de controle BR-BrBNA
005 - DATA E HORA DA ÚLTIMA ATUALIZAÇÃO
Campo de controle 20230928134357.0
008 - CAMPO DE TAMANHO FIXO
Campo fixo de controle 230904b1978 bl.||||| |||| 00| 0 por d
040 ## - FONTE DA CATALOGAÇÃO
Agência catalogadora BR-BrBNA
Idioma da catalogação por.
041 ## - CÓDIGO DO IDIOMA
Código do Idioma por.
072 ## - CATEGORIA DE CLASSIFICAÇÃO
Código da categoria de assunto S85
100 ## - ENTRADA PRINCIPAL - NOME PESSOAL
Código de relação aut.
Nome pessoal Felitta, Frank De
100 ## - ENTRADA PRINCIPAL - NOME PESSOAL
Código de relação trad.
Nome pessoal Matta, Luiz Horácio de
245 ## - TÍTULO PRINCIPAL
Título principal A entidade /
260 ## - IMPRENTA (PUBLICAÇÃO, DISTRIBUIÇÃO, ETC.)
Lugar de publicação, distribuição, etc. São Paulo - SP :
Nome do editor, distribuidor, etc. Circulo de livro,
Data de publicação, distribuição, etc 1978
300 ## - DESCRIÇÃO FÍSICA
Extensão 480 p.
500 ## - NOTA GERAL
Notas gerais Título do original: "The entity".<br/>
650 ## - ASSUNTO
Cabeçalho tópico ou nome geográfico LITERATURA AMERICANA
650 ## - ASSUNTO
Cabeçalho tópico ou nome geográfico FICÇÃO
650 ## - ASSUNTO
Cabeçalho tópico ou nome geográfico ROMANCE
909 ## - IDENTIFICAÇÃO DO CATALOGADOR
Ano e mês da catalogação (aaaamm) 202309
Identificação do catalogador Maria Neves
942 ## - TIPO ESPECÍFICO
Tipo de material Livros
Exemplares
Status de empréstimo Fonte de classificação Status de danificação Não pode ser emprestado Código da coleção Localização permanente Localização atual Localização na estante Total Checkouts Número de chamada Código de barras Date last seen Tipo de material Perdido Data de aquisição Fonte de aquisição Qualificador de localização codificada Preço Número de inventário Preço para reposição Preço efetivo a partir de
  Classificação AGRIS     Acervo Cultural Biblioteca Nacional de Agricultura - Binagri Biblioteca Nacional de Agricultura - Binagri Acervo Cultural   S85 BS2023000201 2023-436313 04/09/2023 Livros                

BINAGRI

Telefone: (61)3218-2567/2388/3357/2097 - binagri@agro.gov.br

Ministério da Agricultura e Pecuária , Esplanada dos Ministérios, Bloco D, Anexo B, Brasília/DF, CEP: 70.043-900